000 00834nam a22002297a 4500
008 240606b mp ||||| |||| 00| 0 mon d
020 _a978-99973-1-604-2
035 _a21924
040 _aBUL0163080
_bmon
_cMN-UlNLM
_dMN-UlNLM
_erda
041 _amon
042 _a44397
084 _2NNA
_a87.22
_bК 34
100 _aКелли Ж.Ф.
245 0 _aКодчилол /Олж мэд цуврал/
264 _aУлаанбаатар
_b"МОНСУДАР" ХГ
_c2018
300 _a64 х.
336 _2rdacontent
_atext
_btxt
337 _2rdamedia
_aunmediated
_bn
338 _2rdacarrier
_avolume
_bnc
650 _aХөгжилтэй баримт, зургууд, таавар, сорилууд Кодчилол, Олж мэд цуврал, Танин мэдэхүйн, 2018, К?, Келли Ж.Ф ...
942 _2NNA
_cBK
999 _c859010
_d859067